Statistiques concernant Saint Seiya - Bronze Saints

Cliquez ici pour prendre le quiz!

Statistiques générales

  • Ce quiz a été pris 63 fois
  • Le résultat moyen est 9 sur 11

Statistiques - réponses

Réponse% Correct
Seiya de Pégase
100%
Shun d'Andromède
98%
Ikki du Phénix
96%
Hyoga du Cygne
94%
Shiryu du Dragon
89%
Jabu de la Licorne
83%
Ichi de l'Hydre
66%
Geki de l'Ours
62%
June du Caméléon
60%
Ban du Petit Lion
57%
Nachi du Loup
57%

Distribution des résultats

Percentile par nombre de réponses

% des personnes avec chaque résultat

Votre développement - résultats

Vous n’avez pas pris ce quiz